[Event "Czech Fed-ch U16"]
[Site "Hrdonov"]
[Date "2013.10.28"]
[Round "3"]
[White "Stech, Pavel"]
[Black "Reznicek, Dominik"]
[Result "0-1"]
[WhiteElo "1471"]
[BlackElo "1785"]
[PlyCount "126"]
[EventDate "2013.10.26"]
[EventType "swiss"]
[EventRounds "9"]
[EventCountry "CZE"]
[SourceTitle "EXT 2016"]
[Source "ChessBase"]
[SourceDate "2015.10.08"]
[SourceVersion "1"]
[SourceVersionDate "2015.10.08"]
[SourceQuality "1"]

1. e4 c6 2. d4 d5 3. e5 Bf5 4. Bd3 Bxd3 5. Qxd3 e6 6. Ne2 Nd7 7. 0-0 Qb6 8. c3 c5 9. Nd2 Ne7 10. Ng3 Nc6 11. Nf3 Rc8 12. Rb1 Be7 13. Be3 0-0 14. Nd2 cxd4 15. cxd4 Nb4 16. Qb3 Nc2 17. Qd3 Rc6 18. f4 Rfc8 19. f5 Nxe5 20. Qe2 Nxe3 21. Qxe3 Bf6 22. Nh5 Ng4 23. Nxf6+ Nxf6 24. Kh1 Re8 25. fxe6 Rcxe6 26. Qc3 Re3 27. Qc5 Qa6 28. a3 Qd3 29. Rbd1 b6 30. Qb4 Qg6 31. Nf3 Re2 32. g3 Ng4 33. Rde1 Rxe1 34. Rxe1 Rxe1+ 35. Qxe1 Qe4 36. Kg2 Qxe1 37. Nxe1 Ne3+ 38. Kf3 Nc4 39. Nd3 f6 40. Nb4 Nxb2 41. Nxd5 Nc4 42. a4 Kf7 43. Ke4 Nd6+ 44. Kd3 Ke6 45. Nc7+ Kf5 46. Nb5 Nxb5 47. axb5 Ke6 48. Ke4 f5+ 49. Kf4 Kd5 50. Ke3 g5 51. h4 h6 52. h5 Ke6 53. Kd2 f4 54. gxf4 gxf4 55. Ke2 Kd5 56. Kf3 Kxd4 57. Kxf4 Kc5 58. Kf5 Kxb5 59. Kg6 a5 60. Kxh6 a4 61. Kg6 a3 62. h6 a2 63. h7 a1Q 0-1

[Event "Klatovy op-B"]
[Site "Klatovy"]
[Date "2013.07.06"]
[Round "8"]
[White "Stech, Pavel"]
[Black "Skalny, Petr"]
[Result "1/2-1/2"]
[WhiteElo "1471"]
[BlackElo "1700"]
[PlyCount "60"]
[EventDate "2013.06.29"]
[EventType "swiss"]
[EventRounds "9"]
[EventCountry "CZE"]
[SourceTitle "EXT 2014"]
[Source "ChessBase"]
[SourceDate "2013.11.20"]
[SourceVersion "1"]
[SourceVersionDate "2013.11.20"]
[SourceQuality "1"]

1. e4 d5 2. exd5 Qxd5 3. Nc3 Qa5 4. d4 c6 5. Nf3 Nf6 6. Bd2 Qc7 7. h3 Bf5 8. Bc4 e6 9. Bg5 Nbd7 10. Qd2 Bd6 11. 0-0 0-0 12. Rfe1 Rfe8 13. Rad1 Rac8 14. Bd3 Bxd3 15. Qxd3 h6 16. Bxf6 Nxf6 17. Ne4 Be7 18. Nxf6+ Bxf6 19. c3 Red8 20. Qe4 Rd6 21. Rd2 Rcd8 22. Rde2 Qa5 23. a3 b6 24. Ne5 Bxe5 25. Qxe5 Qxe5 26. Rxe5 Rd5 27. f4 Rxe5 28. Rxe5 Rd5 29. Kf2 Rxe5 30. dxe5 Kh7 1/2-1/2

[Event "Klatovy op-B"]
[Site "Klatovy"]
[Date "2013.07.03"]
[Round "5"]
[White "Simek, Vladimir"]
[Black "Stech, Pavel"]
[Result "0-1"]
[WhiteElo "1740"]
[BlackElo "1471"]
[PlyCount "58"]
[EventDate "2013.06.29"]
[EventType "swiss"]
[EventRounds "9"]
[EventCountry "CZE"]
[SourceTitle "EXT 2014"]
[Source "ChessBase"]
[SourceDate "2013.11.20"]
[SourceVersion "1"]
[SourceVersionDate "2013.11.20"]
[SourceQuality "1"]

1. e4 c5 2. Nf3 d6 3. c4 Nc6 4. d4 cxd4 5. Nxd4 Nf6 6. Nc3 g6 7. Be2 Bg7 8. Nb3 0-0 9. 0-0 b6 10. Be3 Bb7 11. f3 Rc8 12. Rc1 Ne5 13. Nd2 e6 14. Qa4 Nc6 15. Rfd1 Qe7 16. Nf1 Rfd8 17. Qa3 Rd7 18. b3 d5 19. Qxe7 Nxe7 20. cxd5 exd5 21. Bb5 Rdd8 22. Nxd5 Nfxd5 23. Rxc8 Rxc8 24. exd5 Nxd5 25. Rc1 Rxc1 26. Bxc1 Bd4+ 27. Kh1 Nc3 28. Bc4 Nxa2 29. Ng3 Nxc1 0-1